ha-Zug ha-muzar /

Original photographs of play performed in 2000 by Teʾaṭron Bet Lesin.

Saved in:
Bibliographic Details
Corporate Author: Teʼaṭron Bet Lesin (Tel Aviv, Israel)
Other Authors: Simon, Neil,, Dagon, Gadi, 1957-
Format: Kit
Language:Hebrew
Tags: Add Tag
No Tags, Be the first to tag this record!
LEADER 00501npcaa22001577u 4500
001 008564288-6
005 20121121095039.0
008 000324| is ||||| |||||||||||heb|d
245 0 3 |a ha-Zug ha-muzar /  |c photographs by Gadi Dagon. 
246 3 3 |a Gadi Dagon photographs 
520 |a Original photographs of play performed in 2000 by Teʾaṭron Bet Lesin. 
700 1 2 |a Simon, Neil,  |t Odd couple. 
700 1 |a Dagon, Gadi,  |d 1957- 
710 2 |a Teʼaṭron Bet Lesin (Tel Aviv, Israel) 
988 |a 20020608 
906 |0 MH